Heterostructure ZIF-derived Nanoporous Carbon-based Electrode Materials for Supercapacitors / (Record no. 601679)
[ view plain ]
| 000 -LEADER | |
|---|---|
| fixed length control field | 00540nam a2200169Ia 4500 |
| 008 - FIXED-LENGTH DATA ELEMENTS--GENERAL INFORMATION | |
| fixed length control field | 230907s9999||||xx |||||||||||||| ||und|| |
| 082 ## - DEWEY DECIMAL CLASSIFICATION NUMBER | |
| Classification number | PhD-ESE-4 |
| 100 ## - MAIN ENTRY--PERSONAL NAME | |
| Personal name | Ahmad, Rabia (00000170033) |
| 9 (RLIN) | 118428 |
| 245 #0 - TITLE STATEMENT | |
| Title | Heterostructure ZIF-derived Nanoporous Carbon-based Electrode Materials for Supercapacitors / |
| 260 ## - PUBLICATION, DISTRIBUTION, ETC. | |
| Place of publication, distribution, etc. | USPCAS-E, NUST, |
| Name of publisher, distributor, etc. | Islamabad : |
| Date of publication, distribution, etc. | 2022 |
| 300 ## - PHYSICAL DESCRIPTION | |
| Extent | xvii, 119 p. |
| 520 ## - SUMMARY, ETC. | |
| Summary, etc. | PhD-ESE-4 |
| 650 ## - SUBJECT ADDED ENTRY--TOPICAL TERM | |
| Topical term or geographic name entry element | PhD-ESE Thesis |
| 9 (RLIN) | 116794 |
| 650 ## - SUBJECT ADDED ENTRY--TOPICAL TERM | |
| Topical term or geographic name entry element | PhD Thesis |
| 9 (RLIN) | 19283 |
| 700 ## - ADDED ENTRY--PERSONAL NAME | |
| Personal name | Dr Naseem Iqbal |
| 9 (RLIN) | 16826 |
| 942 ## - ADDED ENTRY ELEMENTS (KOHA) | |
| Koha item type | Thesis |
| Source of classification or shelving scheme | |
| Withdrawn status | Lost status | Source of classification or shelving scheme | Damaged status | Not for loan | Permanent Location | Current Location | Date acquired | Full call number | Barcode | Date last seen | Price effective from | Koha item type | Public note |
|---|---|---|---|---|---|---|---|---|---|---|---|---|---|
| US-Pakistan Center for Advanced Studies in Energy (USPCAS-E) | US-Pakistan Center for Advanced Studies in Energy (USPCAS-E) | 11/28/2022 | PhD-ESE-4 | CAS-EPTH000004 | 09/12/2023 | 09/12/2023 | Thesis | PhD Thesis-ESE-4 |
